Antichità greche / (Record no. 164956)

MARC details
000 -LEADER
campo de control de longitud fija 00667nam a22002055i 4500
001 - NÚMERO DE CONTROL
campo de control 164956
003 - IDENTIFICADOR DE NÚMERO DE CONTROL
campo de control ES-MaACL
005 - FECHA Y HORA DE LA ÚLTIMA TRANSACCIÓN
campo de control 20230906213035.0
008 - DATOS DE LONGITUD FIJA--INFORMACIÓN GENERAL
campo de control de longitud fija 050810s1877 it | |||||||| ||ita d
040 ## - FUENTE DE CATALOGACIÓN
Centro catalogador/agencia de origen CAM
Lengua de catalogación spa
Centro/agencia transcriptor CAM
100 1# - ENTRADA PRINCIPAL--NOMBRE DE PERSONA
Nombre de persona Schoemann, Georg Friedrich.
9 (RLIN) 132566
245 10 - MENCIÓN DEL TÍTULO
Título Antichità greche /
Mención de responsabilidad, etc. di G.F. Schoemann; traduzione dell'abate professore Rodolfo Pichler.
250 ## - MENCION DE EDICION
Mención de edición 2ª ed.
260 ## - PUBLICACIÓN, DISTRIBUCIÓN, ETC.
Lugar de publicación, distribución, etc. Firenze :
Nombre del editor, distribuidor, etc. sucessori Le Monnier,
Fecha de publicación, distribución, etc. 1877.
300 ## - DESCRIPCIÓN FÍSICA
Extensión 3 v. (X, 396; 443; 523 p.) ;
Dimensiones 18 cm.
651 #4 - PUNTO DE ACCESO ADICIONAL DE MATERIA--NOMBRE GEOGRÁFICO
Nombre geográfico Grecia-
Subdivisión general Historia.
9 (RLIN) 8777
700 1# - ENTRADA AGREGADA--NOMBRE PERSONAL
Nombre de persona Pichler, Rodolfo.
9 (RLIN) 131128
852 ## - LOCALIZACIÓN
Ubicación ES-MaACL
Número de control de estantería G-10518-20
Nota libre -- Enc. hol.
Holdings
Estatus retirado Estado de pérdida Estado de daño No para préstamo Colección Biblioteca de origen Biblioteca actual Ubicación en estantería Fecha de adquisición Total de préstamos Signatura topográfica completa Código de barras Visto por última vez Precio de reemplazo Tipo de ítem Koha
        Libros del s. XIX Biblioteca del Ateneo de Madrid Biblioteca del Ateneo de Madrid Sala Pecera Planta 3 17/01/2008   G-10518-20 1172922 23/02/2023 23/02/2023 Libro impreso antiguo